| 000 | 00471nam a2200145Ia 4500 | ||
|---|---|---|---|
| 008 | 100122s9999 xx 000 0 und d | ||
| 082 |
_b56925 _a920.054 |
||
| 100 | _aमराठे ह मो | ||
| 245 | _aएक माणूस एक दिवस-3 | ||
| 260 |
_bऔदुंबर प्रकाशन _c1999 |
||
| 300 | _a166 | ||
| 630 | _aएक माणूस एक दिवस-3 | ||
| 730 | _aएक माणूस एक दिवस-3 | ||
| 942 | _cBOOK | ||
| 999 |
_c433267 _d433264 |
||